000 01029nam a2200253Ia 4500
003 OSt
005 20220923211142.0
006 a|||||r|||| 00| 0
007 ta
008 220922b |||||||| |||| 00| 0 hin d
020 _a8186304401 (hbk)
_c600
024 _a234,363
037 _b456, 24/03/2008, Swaraj Prakashan
_cTextual
040 _aARTS
_cARTS
_bhin
041 _2hin
_ahin
082 _aO152,1M96,21:g, P6
100 _aस्वाति श्वेता
_9158798
245 0 _aराम की शक्तिपूजा - साहित्यशास्त्र का निर्वचनात्मक संदर्भ
246 _aRām kī shaktipūjā - sāhityashāstra kā nirvachanātmak sandarbha
260 _aदिल्ली
_b भारत पुस्तक भण्डार
_c2006
300 _a400पृ.
_ccm.
942 _hO152,1M96,21:g, P6
_cTEXL
_2CC
999 _c295993
_d295993